|
|
|
|
| LEADER |
00000nam0a2200000 4500 |
| 001 |
260376 |
| 005 |
20231101233455.0 |
| 035 |
|
|
|a (RuTPU)RU\TPU\book\283324
|
| 090 |
|
|
|a 260376
|
| 100 |
|
|
|a 20140515d1965 k y0rusy50 ca
|
| 101 |
0 |
|
|a rus
|
| 102 |
|
|
|a RU
|
| 105 |
|
|
|a y z 001zy
|
| 200 |
1 |
|
|a Групповые методы в теории элементарных частиц
|f Г. А. Соколик
|
| 210 |
|
|
|a Москва
|c Атомиздат
|d 1965
|
| 215 |
|
|
|a 176 с.
|
| 320 |
|
|
|a Библиогр.: с. 171-175.
|
| 606 |
1 |
|
|a Элементарные частицы
|2 stltpush
|3 (RuTPU)RU\TPU\subj\21082
|9 46124
|
| 610 |
1 |
|
|a теория
|
| 610 |
1 |
|
|a симметрия
|
| 610 |
1 |
|
|a слияние
|
| 610 |
1 |
|
|a группы Лоренца
|
| 610 |
1 |
|
|a представления
|
| 610 |
1 |
|
|a нелинейные уравнения
|
| 610 |
1 |
|
|a взаимодействия
|
| 610 |
1 |
|
|a функции Бесселя
|
| 610 |
1 |
|
|a полиномы Эрмита
|
| 675 |
|
|
|a 539.12
|v 3
|
| 700 |
|
1 |
|a Соколик
|b Г. А.
|g Генрих Абрамович
|
| 801 |
|
1 |
|a RU
|b 63413507
|c 20140515
|
| 801 |
|
2 |
|a RU
|b 63413507
|c 20220323
|g RCR
|
| 942 |
|
|
|c BK
|